[Event "Campeonato del mundo sub-18"]
[Site "Kemer TUR"]
[Date "2009.11.22"]
[Round "11.19"]
[White "Pavlidis, Anastasios"]
[Black "Kulakov, Viacheslav"]
[Result "1-0"]
[WhiteElo "2300"]
[BlackElo "2380"]
[PlyCount "71"]
[EventDate "2009.11.11"]
[EventType "swiss"]
[EventRounds "11"]
[EventCountry "ESP"]
[Source "lmi"]
[SourceDate "2009.11.11"]

1. e4 c6 2. d4 d5 3. Nc3 dxe4 4. Nxe4 Bf5 5. Ng3 Bg6 6. h4 h6 7. Nf3 Nd7 8. h5
Bh7 9. Bd3 Bxd3 10. Qxd3 Qc7 11. Bd2 e6 12. O-O-O Ngf6 13. Ne4 O-O-O 14. g3
Nxe4 15. Qxe4 Nf6 16. Qe2 Rd5 17. c4 Rxh5 18. Bf4 Qe7 19. Rhe1 Ra5 20. Kb1 g5
21. Be5 g4 22. Nh4 Rg8 23. d5 cxd5 24. cxd5 Nxd5 25. Rc1+ Kd8 26. Qc2 Qd7 27.
Qh7 Rg5 28. Qh8 Ke7 29. Red1 Qa4 30. Bf6+ Kd7 31. Qxf8 Qxa2+ 32. Kc2 Qa4+ 33.
Kd2 Nxf6 34. Qxf7+ Kd6 35. Qc7+ Kd5 36. Ke3+ 1-0

[Event "Campeonato del mundo sub-18"]
[Site "Kemer TUR"]
[Date "2009.11.22"]
[Round "11.20"]
[White "Narmontas, Matas"]
[Black "Kocheev, Aleksandr"]
[Result "1-0"]
[WhiteElo "2370"]
[BlackElo "2247"]
[PlyCount "83"]
[EventDate "2009.11.11"]
[EventType "swiss"]
[EventRounds "11"]
[EventCountry "ESP"]
[Source "lmi"]
[SourceDate "2009.11.11"]

1. d4 d5 2. c3 Nf6 3. Bg5 Ne4 4. Bf4 c5 5. f3 Nf6 6. dxc5 e5 7. Bxe5 Bxc5 8.
Bd4 Bd6 9. e3 Nh5 10. g3 Nc6 11. Ne2 Nxd4 12. exd4 Qe7 13. Bg2 O-O 14. O-O Re8
15. Rf2 Bd7 16. Qb3 Bc6 17. Nd2 f5 18. Nf1 a5 19. Nc1 Qe1 20. Qc2 f4 21. g4 Nf6
22. Rb1 Qe7 23. Nd3 Qc7 24. Re1 Rxe1 25. Nxe1 Bb5 26. Nd3 Qc4 27. Ne5 Qc7 28.
Qf5 Rf8 29. g5 Nh5 30. Qe6+ Kh8 31. Qxd5 Ba6 32. Bh3 Qe7 33. Bg4 g6 34. Nd2 Ng7
35. Ne4 Bxe5 36. Qxe5 Qf7 37. b3 a4 38. c4 Rd8 39. Nd6 Qc7 40. c5 Rf8 41. b4 a3
42. b5 1-0

[Event "Campeonato del mundo sub-18"]
[Site "Kemer TUR"]
[Date "2009.11.22"]
[Round "11.21"]
[White "Pavlidis, Antonios"]
[Black "Kaminski, Victor"]
[Result "1-0"]
[WhiteElo "2364"]
[BlackElo "2235"]
[PlyCount "63"]
[EventDate "2009.11.11"]
[EventType "swiss"]
[EventRounds "11"]
[EventCountry "ESP"]
[Source "lmi"]
[SourceDate "2009.11.11"]

1. e4 c5 2. Nf3 Nc6 3. Bb5 g6 4. O-O Bg7 5. Bxc6 dxc6 6. d3 Bg4 7. h3 Bxf3 8.
Qxf3 e5 9. Nc3 Nf6 10. Be3 Nd7 11. Qg3 Qe7 12. f4 exf4 13. Bxf4 Be5 14. Rae1
O-O 15. Ne2 Kh8 16. Kh1 Bxf4 17. Nxf4 Ne5 18. c3 Rad8 19. Rd1 Rd7 20. d4 Rfd8
21. Rfe1 cxd4 22. cxd4 h6 23. Qc3 Kh7 24. Rf1 Qg5 25. Ne2 Qh5 26. Rde1 g5 27.
dxe5 Rd3 28. Qc4 Rxh3+ 29. gxh3 Qxh3+ 30. Kg1 Qg4+ 31. Kh2 Qh4+ 32. Kg2 1-0

[Event "Campeonato del mundo sub-18"]
[Site "Kemer TUR"]
[Date "2009.11.22"]
[Round "11.22"]
[White "Ulkhanov, Azamat"]
[Black "Poetsch, Hagen"]
[Result "1-0"]
[WhiteElo "2068"]
[BlackElo "2361"]
[PlyCount "83"]
[EventDate "2009.11.11"]
[EventType "swiss"]
[EventRounds "11"]
[EventCountry "ESP"]
[Source "lmi"]
[SourceDate "2009.11.11"]

1. e4 e6 2. d4 d5 3. e5 c5 4. c3 Qb6 5. Nf3 Nc6 6. a3 Nh6 7. b4 cxd4 8. cxd4
Nf5 9. Bb2 Bd7 10. g4 Nfe7 11. Nc3 Na5 12. Qc2 Nc4 13. Bxc4 dxc4 14. Nd2 Rc8
15. Nce4 Ng6 16. Nxc4 Qc6 17. Ncd6+ Bxd6 18. Nxd6+ Kf8 19. Qxc6 Rxc6 20. Kd2 f6
21. b5 Rc7 22. Rac1 Rxc1 23. Rxc1 Ke7 24. Rc7 b6 25. Rxa7 Rf8 26. Nc4 fxe5 27.
Nxb6 Rxf2+ 28. Kc1 Nf8 29. a4 Rf1+ 30. Kc2 Rf2+ 31. Kb3 Rf4 32. Kc4 e4 33. Bc3
Rf7 34. Nxd7 Nxd7 35. b6 Kd6 36. Bb4+ Kc6 37. a5 Nxb6+ 38. axb6 Rf1 39. Re7
Rc1+ 40. Bc3 Kxb6 41. Rxe6+ Kc7 42. Rxe4 1-0

[Event "Campeonato del mundo sub-18"]
[Site "Kemer TUR"]
[Date "2009.11.22"]
[Round "11.25"]
[White "Mazur, Stefan"]
[Black "Binder, Michael"]
[Result "1-0"]
[WhiteElo "2360"]
[BlackElo "2202"]
[PlyCount "77"]
[EventDate "2009.11.11"]
[EventType "swiss"]
[EventRounds "11"]
[EventCountry "ESP"]
[Source "lmi"]
[SourceDate "2009.11.11"]

1. e4 e5 2. Nf3 Nc6 3. Bb5 a6 4. Ba4 Nf6 5. O-O Be7 6. Re1 b5 7. Bb3 d6 8. c3
O-O 9. h3 Qd7 10. d4 Re8 11. Nbd2 Bf8 12. d5 Nd8 13. Nf1 h6 14. Ng3 Bb7 15. Nh2
c6 16. Ng4 Nxg4 17. hxg4 cxd5 18. exd5 Bc8 19. f3 Nb7 20. Bc2 Qd8 21. Kf2 b4
22. cxb4 Qb6+ 23. Be3 Qxb4 24. a3 Qa5 25. b4 Qd8 26. Rh1 Bd7 27. g5 Rc8 28. Ne4
Kh8 29. g4 Be7 30. Bb1 Bf8 31. Kg3 Bb5 32. Ra2 Bc4 33. Rah2 Bb5 34. a4 Bc4 35.
Rxh6+ gxh6 36. Rxh6+ Bxh6 37. Qh1 f5 38. Qxh6+ Kg8 39. Nf6+ 1-0

[Event "Campeonato del mundo sub-18"]
[Site "Kemer TUR"]
[Date "2009.11.22"]
[Round "11.26"]
[White "Janev, Tihomir"]
[Black "Larmuseau, Maarten"]
[Result "1/2-1/2"]
[WhiteElo "2335"]
[BlackElo "2160"]
[PlyCount "132"]
[EventDate "2009.11.11"]
[EventType "swiss"]
[EventRounds "11"]
[EventCountry "ESP"]
[Source "lmi"]
[SourceDate "2009.11.11"]

1. e4 e6 2. d4 d5 3. Nc3 Bb4 4. e5 b6 5. Qg4 Bf8 6. a4 Nc6 7. Nf3 Qd7 8. Bb5
Bb7 9. O-O a6 10. Be2 Nge7 11. Nd1 Nf5 12. c3 Na5 13. Bf4 Nb3 14. Ra2 h6 15. h4
Bc6 16. Ne3 g6 17. h5 g5 18. Bh2 Nxe3 19. fxe3 Bxa4 20. Bg3 Bb5 21. Bxb5 Qxb5
22. e4 dxe4 23. Qxe4 Qd5 24. Qxd5 exd5 25. e6 fxe6 26. Bxc7 b5 27. Ne5 Rh7 28.
Ng6 Rf7 29. Rxf7 Kxf7 30. Ne5+ Ke8 31. Ba5 Bd6 32. Ng4 Bf8 33. Ne5 Bg7 34. Nd3
Bf6 35. Kf2 Be7 36. Ke2 Bd6 37. Kd1 Rc8 38. Bb6 a5 39. Bxa5 Ra8 40. Kc2 Nxa5
41. b4 Bc7 42. Ne5 Ra7 43. bxa5 Rxa5 44. Rxa5 Bxa5 45. Ng4 Bc7 46. Nxh6 e5 47.
Ng4 exd4 48. cxd4 Kf7 49. Ne3 Ke6 50. g4 Bd6 51. Kb3 Bf8 52. Nf5 Kf6 53. h6 Kg6
54. Kc3 Kh7 55. Ne3 Kxh6 56. Nxd5 Bd6 57. Kd3 Kg6 58. Nc3 b4 59. Ne4 Be7 60.
Kc4 Kf7 61. Nc5 Bf6 62. d5 Be7 63. Ne4 Bf8 64. Nxg5+ Kg6 65. Ne4 Be7 66. Kd4
Bf8 1/2-1/2

[Event "Campeonato del mundo sub-18"]
[Site "Kemer TUR"]
[Date "2009.11.22"]
[Round "11.27"]
[White "Kanakaris, Georgios"]
[Black "Mocanu, Sergiu"]
[Result "1-0"]
[WhiteElo "2312"]
[BlackElo "2169"]
[PlyCount "61"]
[EventDate "2009.11.11"]
[EventType "swiss"]
[EventRounds "11"]
[EventCountry "ESP"]
[Source "lmi"]
[SourceDate "2009.11.11"]

1. d4 d5 2. c4 c6 3. e3 Nf6 4. Nf3 Bf5 5. Nc3 e6 6. Bd3 Bg6 7. O-O Nbd7 8. Re1
Be7 9. e4 dxe4 10. Nxe4 Nxe4 11. Bxe4 Bxe4 12. Rxe4 Nf6 13. Re2 O-O 14. Bf4 c5
15. Be5 cxd4 16. Bxd4 Qc7 17. b3 Rfd8 18. Qc2 Nd7 19. Rd1 Bf6 20. Red2 Bxd4 21.
Rxd4 Nf6 22. Qd2 Rxd4 23. Qxd4 a6 24. Ne5 Rc8 25. g4 h6 26. h4 Nh7 27. Kg2 Nf8
28. g5 h5 29. Qf4 Re8 30. Rd7 Qxe5 31. Qxe5 1-0

[Event "Campeonato del mundo sub-18"]
[Site "Kemer TUR"]
[Date "2009.11.22"]
[Round "11.28"]
[White "Melnichuk, Mikhail"]
[Black "Stankovic, Milos"]
[Result "1-0"]
[WhiteElo "2312"]
[BlackElo "2379"]
[PlyCount "61"]
[EventDate "2009.11.11"]
[EventType "swiss"]
[EventRounds "11"]
[EventCountry "ESP"]
[Source "lmi"]
[SourceDate "2009.11.11"]

1. Nf3 Nf6 2. c4 e6 3. g3 b6 4. Bg2 Bb7 5. O-O c5 6. Nc3 Be7 7. d4 cxd4 8. Qxd4
d6 9. Bg5 h6 10. Bxf6 Bxf6 11. Qd3 O-O 12. Ng5 Bxg5 13. Bxb7 Nd7 14. Bxa8 Qxa8
15. Qxd6 Nc5 16. Qd1 Bf6 17. Qc2 Qc6 18. Rad1 Rc8 19. b4 Nb7 20. Qe4 Qxc4 21.
Qxb7 Qxc3 22. Rc1 Qxc1 23. Rxc1 Rxc1+ 24. Kg2 a5 25. Qxb6 axb4 26. Qb8+ Kh7 27.
Qxb4 g6 28. Qf4 Bb2 29. Qxf7+ Bg7 30. Qxe6 Rc2 31. a4 1-0

[Event "Campeonato del mundo sub-18"]
[Site "Kemer TUR"]
[Date "2009.11.22"]
[Round "11.29"]
[White "Schon, Eugene"]
[Black "Anton, Teodor"]
[Result "0-1"]
[WhiteElo "2171"]
[BlackElo "2363"]
[PlyCount "64"]
[EventDate "2009.11.11"]
[EventType "swiss"]
[EventRounds "11"]
[EventCountry "ESP"]
[Source "lmi"]
[SourceDate "2009.11.11"]

1. e4 c5 2. Nf3 d6 3. d4 cxd4 4. Nxd4 Nf6 5. Nc3 a6 6. Be3 e5 7. Nb3 Be6 8. f3
Be7 9. Qd2 O-O 10. O-O-O a5 11. Kb1 a4 12. Nc1 Ra5 13. Bb5 a3 14. Nb3 Ra8 15.
Nd5 Nxd5 16. exd5 Bf5 17. h4 axb2 18. g4 Bd7 19. Bd3 Qc7 20. c4 Na6 21. Kxb2 b6
22. Rdg1 Nc5 23. Bxc5 bxc5 24. Qc2 e4 25. Bxe4 Bf6+ 26. Kc1 Ba4 27. Kd2 Bxb3
28. axb3 Ra3 29. Rh2 Qa5+ 30. Kd3 Ra8 31. Rb1 Ra2 32. Qxa2 Qc3+ 0-1

[Event "Campeonato del mundo sub-18"]
[Site "Kemer TUR"]
[Date "2009.11.22"]
[Round "11.31"]
[White "Tiraturyan, David"]
[Black "Bebel, Arkadiusz"]
[Result "1/2-1/2"]
[WhiteElo "2158"]
[BlackElo "2275"]
[PlyCount "54"]
[EventDate "2009.11.11"]
[EventType "swiss"]
[EventRounds "11"]
[EventCountry "ESP"]
[Source "lmi"]
[SourceDate "2009.11.11"]

1. e4 c5 2. Nf3 e6 3. b3 Nc6 4. Bb5 Nge7 5. O-O a6 6. Bxc6 Nxc6 7. Bb2 b5 8.
Re1 Bb7 9. d4 cxd4 10. Nxd4 Nxd4 11. Qxd4 Qc7 12. Nc3 Bc5 13. Nd5 Bxd5 14. Qxg7
O-O-O 15. exd5 Rhg8 16. Qc3 exd5 17. a4 Rg4 18. Qe5 Rdg8 19. Qxc7+ Kxc7 20. g3
bxa4 21. Rxa4 Rxa4 22. bxa4 Kc6 23. Kf1 Rb8 24. Be5 Rb4 25. Ra1 Bd4 26. Bxd4
Rxd4 27. Ke2 Rb4 1/2-1/2

[Event "Campeonato del mundo sub-18"]
[Site "Kemer TUR"]
[Date "2009.11.22"]
[Round "11.32"]
[White "Reimanis, Ritvars"]
[Black "Ollier, Pablo"]
[Result "0-1"]
[WhiteElo "2112"]
[BlackElo "2259"]
[PlyCount "56"]
[EventDate "2009.11.11"]
[EventType "swiss"]
[EventRounds "11"]
[EventCountry "ESP"]
[Source "lmi"]
[SourceDate "2009.11.11"]

1. d4 Nf6 2. c4 e6 3. Nc3 Bb4 4. e3 c5 5. Bd3 Nc6 6. Nge2 d5 7. cxd5 exd5 8.
dxc5 Bxc5 9. O-O O-O 10. Ng3 Ne5 11. Be2 Be6 12. b3 Rc8 13. Bb2 Nfg4 14. h3 Nf6
15. Nxd5 Nxd5 16. Bxe5 Qg5 17. Bd4 Nxe3 18. Bxe3 Bxe3 19. fxe3 Qxg3 20. Rf3 Qg5
21. Qd4 Rc2 22. Bf1 b6 23. h4 Qd5 24. Qf4 Rd8 25. Rg3 Qf5 26. Qa4 h6 27. Kh2
Rdd2 28. Qxa7 Qf6 0-1

[Event "Campeonato del mundo sub-18"]
[Site "Kemer TUR"]
[Date "2009.11.22"]
[Round "11.34"]
[White "Plaskan, Jure"]
[Black "Aguirre, Manzo Leopoldo"]
[Result "1/2-1/2"]
[WhiteElo "2197"]
[BlackElo "2148"]
[PlyCount "75"]
[EventDate "2009.11.11"]
[EventType "swiss"]
[EventRounds "11"]
[EventCountry "ESP"]
[Source "lmi"]
[SourceDate "2009.11.11"]

1. e4 c5 2. Nf3 d6 3. d4 cxd4 4. Nxd4 Nf6 5. f3 e5 6. Bb5+ Bd7 7. Bxd7+ Qxd7 8.
Nf5 g6 9. Ne3 Nc6 10. Nc3 Bg7 11. O-O O-O 12. Ned5 Nxd5 13. Nxd5 f5 14. Bg5 Nd4
15. c3 Ne6 16. Be7 Rf7 17. Bxd6 fxe4 18. fxe4 Rxf1+ 19. Kxf1 Ng5 20. Ba3 Qf7+
21. Kg1 Nxe4 22. Qd3 Rd8 23. Ne7+ Qxe7 24. Qxe4 Qc7 25. Rf1 Bf8 26. Bxf8 Rxf8
27. Qd5+ Kg7 28. Rxf8 Kxf8 29. h4 Kg7 30. Qe4 Kf6 31. Kh2 h5 32. c4 Qd7 33.
Qf3+ Qf5 34. Kg3 Ke6 35. Qd5+ Kf6 36. Qd6+ Kg7 37. Qe7+ Kh6 38. Qd8 1/2-1/2

[Event "Campeonato del mundo sub-18"]
[Site "Kemer TUR"]
[Date "2009.11.22"]
[Round "11.35"]
[White "Sanchez, Maya Simon"]
[Black "Margarido, Ricardo Emanuel Tor"]
[Result "1-0"]
[WhiteElo "2194"]
[BlackElo "1966"]
[PlyCount "49"]
[EventDate "2009.11.11"]
[EventType "swiss"]
[EventRounds "11"]
[EventCountry "ESP"]
[Source "lmi"]
[SourceDate "2009.11.11"]

1. e4 e5 2. d4 exd4 3. c3 d3 4. Bxd3 Nc6 5. Nf3 Bc5 6. O-O d6 7. h3 Nf6 8. Qc2
Qe7 9. Bf4 Ne5 10. Nbd2 Nfd7 11. Be2 Nxf3+ 12. Nxf3 Ne5 13. Nd4 Bd7 14. Be3 Nc6
15. Rae1 Qf6 16. Qd2 O-O 17. f4 Qe7 18. Bd3 a5 19. Qf2 Rae8 20. Kh2 Qf6 21. g4
Nxd4 22. cxd4 Bb4 23. Rc1 a4 24. Rxc7 Bc6 25. d5 1-0

[Event "Campeonato del mundo sub-18"]
[Site "Kemer TUR"]
[Date "2009.11.22"]
[Round "11.37"]
[White "Eiti, Bashir"]
[Black "Hanninger, Simon"]
[Result "0-1"]
[WhiteElo "1813"]
[BlackElo "2171"]
[PlyCount "40"]
[EventDate "2009.11.11"]
[EventType "swiss"]
[EventRounds "11"]
[EventCountry "ESP"]
[Source "lmi"]
[SourceDate "2009.11.11"]

1. Nf3 c5 2. c3 Nf6 3. d4 e6 4. Bg5 d5 5. e3 Nbd7 6. Nbd2 Qb6 7. Qc2 h6 8. Bh4
g5 9. Bg3 Nh5 10. Bd3 Nxg3 11. hxg3 Bg7 12. O-O f5 13. g4 fxg4 14. Nh2 Nf6 15.
Be2 O-O 16. Bxg4 Bd7 17. Ndf3 cxd4 18. exd4 Ne4 19. Bh5 Qa5 20. Bg6 Ba4 0-1

[Event "Campeonato del mundo sub-18"]
[Site "Kemer TUR"]
[Date "2009.11.22"]
[Round "11.39"]
[White "Jorczik, Julian"]
[Black "Celis, Joel Chang"]
[Result "1-0"]
[WhiteElo "2368"]
[BlackElo "1698"]
[PlyCount "76"]
[EventDate "2009.11.11"]
[EventType "swiss"]
[EventRounds "11"]
[EventCountry "ESP"]
[Source "lmi"]
[SourceDate "2009.11.11"]

1. d4 Nf6 2. c4 e6 3. Nf3 b6 4. g3 Bb7 5. Bg2 Be7 6. O-O O-O 7. Re1 d5 8. cxd5
exd5 9. Nc3 c5 10. Bf4 Nc6 11. dxc5 Bxc5 12. e3 Bb4 13. Qd3 Ne4 14. Rad1 Bxc3
15. bxc3 g5 16. Nxg5 Nxg5 17. Qf5 Ne6 18. Rxd5 Ng7 19. Rxd8 Nxf5 20. Rd7 Rab8
21. Bxb8 Rxb8 22. Rxb7 Rxb7 23. Bxc6 Rc7 24. Bf3 Rxc3 25. a4 Rc5 26. Rd1 Kg7
27. Rd7 Ra5 28. Bd1 Kf6 29. Bb3 Nh6 30. h3 Kg7 31. g4 a6 32. f4 Kf8 33. e4 b5
34. axb5 Rxb5 35. Bd5 Ng8 36. Rxf7+ Ke8 37. Rxh7 Ne7 38. Be6 Kd8 1-0

[Event "Campeonato del mundo sub-18"]
[Site "Kemer TUR"]
[Date "2009.11.22"]
[Round "11.42"]
[White "Hapuarachchi, H L M."]
[Black "Kristinsson, Bjarni J"]
[Result "0-1"]
[WhiteElo "2019"]
[BlackElo "2023"]
[PlyCount "74"]
[EventDate "2009.11.11"]
[EventType "swiss"]
[EventRounds "11"]
[EventCountry "ESP"]
[Source "lmi"]
[SourceDate "2009.11.11"]

1. e4 c5 2. Nc3 e6 3. f4 d5 4. Bb5+ Bd7 5. Bxd7+ Qxd7 6. Nf3 dxe4 7. Nxe4 Nc6
8. O-O Be7 9. d3 Nf6 10. Qe2 O-O 11. Kh1 Rac8 12. Be3 Nd4 13. Bxd4 cxd4 14.
Nxf6+ Bxf6 15. Rf2 Rc5 16. Rd1 Rfc8 17. Rd2 Qa4 18. b3 Qxa2 19. g4 g6 20. g5
Bg7 21. h4 a5 22. Ne5 b5 23. h5 R8c7 24. Qe4 Qa1+ 25. Kg2 a4 26. b4 Rd5 27.
hxg6 hxg6 28. Nxg6 a3 29. Ne5 a2 30. g6 Qc1 31. gxf7+ Rxf7 32. Nxf7 a1=Q 33.
Nh6+ Kf8 34. Qxe6 Qh1+ 35. Kg3 Qag1+ 36. Rg2 Qe1+ 37. Qxe1 Qxe1+ 0-1

[Event "Campeonato del mundo sub-18"]
[Site "Kemer TUR"]
[Date "2009.11.22"]
[Round "11.45"]
[White "Janev, Pavel"]
[Black "Santos, Hugo Lima"]
[Result "1/2-1/2"]
[WhiteElo "1990"]
[BlackElo "2041"]
[PlyCount "45"]
[EventDate "2009.11.11"]
[EventType "swiss"]
[EventRounds "11"]
[EventCountry "ESP"]
[Source "lmi"]
[SourceDate "2009.11.11"]

1. e4 c5 2. Nf3 g6 3. Nc3 Bg7 4. d4 cxd4 5. Nxd4 Nc6 6. Be3 Nf6 7. Nxc6 bxc6 8.
e5 Nd5 9. Bd4 O-O 10. Nxd5 cxd5 11. Bd3 d6 12. f4 dxe5 13. Bxe5 Bxe5 14. fxe5
Qc7 15. Qe2 f6 16. O-O Qxe5 17. Qxe5 fxe5 18. Rxf8+ Kxf8 19. c4 e4 20. Bc2 e6
21. Kf2 Ke7 22. Ke3 Kd6 23. Rd1 1/2-1/2

[Event "Campeonato del mundo sub-18"]
[Site "Kemer TUR"]
[Date "2009.11.22"]
[Round "11.48"]
[White "Kin, Kurt"]
[Black "Norri, Roger"]
[Result "0-1"]
[WhiteElo "1839"]
[BlackElo "1896"]
[PlyCount "40"]
[EventDate "2009.11.11"]
[EventType "swiss"]
[EventRounds "11"]
[EventCountry "ESP"]
[Source "lmi"]
[SourceDate "2009.11.11"]

1. e4 e5 2. Nf3 Nc6 3. Bc4 Nf6 4. Ng5 d5 5. exd5 Nxd5 6. d4 Be7 7. Nxf7 Kxf7 8.
Qf3+ Ke6 9. O-O Nxd4 10. Qe4 b5 11. Re1 Qd6 12. Qxd4 bxc4 13. Qxc4 Qb4 14. Qe2
Bf6 15. c4 Nb6 16. b3 Bb7 17. Ba3 Qa5 18. f4 e4 19. Bb2 Bxb2 20. Qxb2 Qxe1# 0-1